书目信息 |
| 题名: |
遗传学之父
|
|
| 作者: | 杨熹洁 编著 | |
| 分册: | ||
| 出版信息: | 长春 吉林科学技术出版社 2012 |
|
| 页数: | 118页 | |
| 开本: | 23cm | |
| 丛书名: | 世界五千年科技故事丛书 | |
| 单 册: | ||
| 中图分类: | K835.216.15=43 , K835 | |
| 科图分类: | ||
| 主题词: | ||
| 电子资源: | ||
| ISBN: | 978-7-5384-6101-5 | |
| 000 | 01031oam2 2200289 450 | |
| 001 | 2357324469 | |
| 005 | 20231129014813.66 | |
| 010 | @a978-7-5384-6101-5@dCNY33.00 | |
| 090 | @aK835.216.15@byxj | |
| 100 | @a20140429d2012 em y0chiy50 ea | |
| 101 | 0 | @achi |
| 102 | @aCN@b220000 | |
| 105 | @ay z 000yd | |
| 200 | 1 | @a遗传学之父@Ayi chuan xue zhi fu@e孟德尔的故事@f杨熹洁编著 |
| 210 | @a长春@c吉林科学技术出版社@d2012 | |
| 215 | @a118页@d23cm | |
| 225 | 2 | @a世界五千年科技故事丛书 |
| 330 | @a本书讲述了奥地利遗传学家,现代遗传学之父孟德尔的故事。内容包括农民的儿子、布尔诺修道院、留学维也纳、我们的良师益友、修道院里的豌豆实验、蜂群与旋风等。 | |
| 410 | 0 | @12001 @a世界五千年科技故事丛书 |
| 517 | 1 | @a孟德尔的故事@9meng de er de gu shi |
| 600 | 0 | @a孟德尔@c(Mendel, Gregor Johann@f1822-1884)@x生平事迹 |
| 600 | 0 | @a孟德尔@c(Mendel, Gregor Johann@f1822-1884) |
| 690 | @aK835.216.15=43@v5 | |
| 690 | @aK835@v4 | |
| 701 | 0 | @a杨熹洁@Ayang xi jie@4编著 |
| 801 | 0 | @aCN@bNLC@c20140429 |
| 905 | @aZUCC@dK835@e52 | |
| 遗传学之父:孟德尔的故事/杨熹洁编著.-长春:吉林科学技术出版社,2012 |
| 118页;23cm.-(世界五千年科技故事丛书) |
| ISBN 978-7-5384-6101-5:CNY33.00 |
| 本书讲述了奥地利遗传学家,现代遗传学之父孟德尔的故事。内容包括农民的儿子、布尔诺修道院、留学维也纳、我们的良师益友、修道院里的豌豆实验、蜂群与旋风等。 |
| ● |
| 相关链接 |
|
|
|
正题名:遗传学之父
索取号:K835/52
 
预约/预借
| 序号 | 登录号 | 条形码 | 馆藏地/架位号 | 状态 | 备注 |
| 1 | 2000992728 | 2000992728 | 培训中心一楼图书角/四31架A面4层4列/ [索取号:K835/52] | 在馆 | |
| 2 | 2000992729 | 2000992729 | 培训中心一楼图书角/四31架A面4层4列/ [索取号:K835/52] | 在馆 | |
| 3 | 2000992730 | 2000992730 | 培训中心一楼图书角/四31架A面4层4列/ [索取号:K835/52] | 在馆 | |
| 4 | 2000992731 | 2000992731 | 第四书库/四31架A面4层4列/ [索取号:K835/52] | 在馆 | |
| 5 | 2000992732 | 2000992732 | 第四书库/四31架A面4层4列/ [索取号:K835/52] | 在馆 | |
| 6 | 2000992733 | 2000992733 | 第四书库/四31架A面4层4列/ [索取号:K835/52] | 在馆 |